الْتِزَامُ رُبَّانِ السَّفِينَةِ بِاتِّبَاعِ خَطِّ السَّيْرِ الْمُحَدَّدِ وَعَدَمِ الانْحِرَافِ عَنْهُ : (رقم التسجيلة. 179308)

تفاصيل مارك
000 -LEADER
fixed length control field 05311namaa22004211i 4500
003 - CONTROL NUMBER IDENTIFIER
control field OSt
005 - أخر تعامل مع التسجيلة
control field 20260419140854.0
008 - FIXED-LENGTH DATA ELEMENTS--GENERAL INFORMATION
fixed length control field 250827s2025 ua a|||frm||| 000 0 eng d
040 ## - CATALOGING SOURCE
Original cataloguing agency EG-GICUC
Language of cataloging ara
Transcribing agency EG-GICUC
Modifying agency EG-GICUC
Description conventions rda
041 0# - LANGUAGE CODE
Language code of text/sound track or separate title ara
Language code of summary or abstract ara
-- eng
049 ## - Acquisition Source
Acquisition Source إيداع
082 04 - DEWEY DECIMAL CLASSIFICATION NUMBER
Classification number 343.096
092 ## - LOCALLY ASSIGNED DEWEY CALL NUMBER (OCLC)
Classification number 343.096
Edition number 21
097 ## - Degree
Degree مــــاجستير
099 ## - LOCAL FREE-TEXT CALL NUMBER (OCLC)
Local Call Number Cai01.04.08.M.Sc.2025.نو.ا
100 0# - MAIN ENTRY--PERSONAL NAME
Authority record control number or standard number ،نورا عبد الفتاح طاهر البوهي
Preparation إعداد.
245 10 - TITLE STATEMENT
Title الْتِزَامُ رُبَّانِ السَّفِينَةِ بِاتِّبَاعِ خَطِّ السَّيْرِ الْمُحَدَّدِ وَعَدَمِ الانْحِرَافِ عَنْهُ :
Remainder of title دراسة مقارنة /
Statement of responsibility, etc. إعداد نورا عبد الفتاح طاهر البوهي؛ إشراف أ.د. خليل فيكتور تادرس.
246 15 - VARYING FORM OF TITLE
Title proper/short title The ship's captain's commitment to follow the specified course and not deviate from it :
Remainder of title Comparative study /
264 #0 - PRODUCTION, PUBLICATION, DISTRIBUTION, MANUFACTURE, AND COPYRIGHT NOTICE
Date of production, publication, distribution, manufacture, or copyright notice 2025.
300 ## - PHYSICAL DESCRIPTION
Extent 182 صفحة :
Other physical details إيضاحيات ؛
Dimensions 30 سم. +
Accompanying material CD.
336 ## - CONTENT TYPE
Content type term text
Source rda content
337 ## - MEDIA TYPE
Media type term Unmediated
Source rdamedia
338 ## - CARRIER TYPE
Carrier type term volume
Source rdacarrier
502 ## - DISSERTATION NOTE
Dissertation note أطروحة (ماجستير)-جامعة القاهرة، 2025.
504 ## - BIBLIOGRAPHY, ETC. NOTE
Bibliography, etc. note ببليوجرافيا: صفحات 169-181.
520 ## - SUMMARY, ETC.
Summary, etc. بادئ ذي بدءٍ، فإن مجال النقل البحري قد شهد تطورًا بشكلٍ واضحٍ وسريعٍ، وله أهمية كبيرة جدًّا سواء عند نقل الأموال أو الأشخاص؛ لأن النقل البحري هو من يبرز قيمة التجارة من خلال التداول، وهكذا ظهر أول قانون للتجارة البحرية في مصر عام 1990، وهو القانون البحري المصري رقم 8 لسنة 1990، وقد طرأ عليه العديد من التعديلات بناءً على الاتفاقيات الدولية التي صدقت عليها مصر بعده، وهي في عدة مجالات مثل بروتوكولات السلامة، اتفاقية ماربول على منع التلوث البحري، تسجيل السفن من خلال اتفاقيات الأمم المتحدة لقانون البحار، وكذلك المسئوليات والتعويضات. بالرغم من هذا التطور الذي شهدته الملاحة وحركة النقل البحري، توجد العديد من التحديات والحوادث التي تهدد مصلحة كل من الناقل أو الشاحن، حيث يكون القرار المتخذ من الربان وطريقة تنفيذ عملية النقل من قبل الربان أو شركة النقل، نقطة فاصلة بين النجاة والهلاك، وهذه الاتفاقيات يعلمها الربان عن ظهر قلب، وعليه التزامات واضحة وقاطعة، ويلتزم بالعمل بها حتى لا تقع عليه المسئوليات نتيجة القرار الخاطئ، وهذه الأمور يتلقاها في الأكاديمية العربية للعلوم والتكنولوجيا والنقل البحري.
520 ## - SUMMARY, ETC.
Summary, etc. First of all, the field of maritime transport has witnessed significant and rapid development, and is of great importance to both the transport of money and people. Maritime transport highlights the value of trade through circulation. Thus, the first maritime trade law in Egypt was issued in 1990, Egyptian Maritime Law No. 8 of 1990. It has undergone numerous amendments based on international agreements ratified by Egypt subsequently, covering several areas, such as safety protocols, the MARPOL Convention on the Prevention of Marine Pollution, ship registration under the United Nations Convention on the Law of the Sea, and liability and compensation.Despite this development in navigation and maritime transport, there are numerous challenges and incidents that threaten the interests of both the carrier and the shipper. The decision made by the captain and the method of implementing the transport process by the captain or the transport company can be the deciding factor between survival and destruction. Captains are familiar with these agreements, and they are bound by clear and unequivocal obligations. They are committed to adhering to them to avoid liability as a result of incorrect decisions. These matters are taught at the Arab Academy for Science, Technology and Maritime Transport.
530 ## - ADDITIONAL PHYSICAL FORM AVAILABLE NOTE
Issues CD صدر أيضًا كقرص مدمج.
546 ## - LANGUAGE NOTE
Text Language النص بالعربية والملخص باللغة الإنجليزية والعربية.
650 #7 - SUBJECT ADDED ENTRY--TOPICAL TERM
Topical term or geographic name entry element القانون البحرى
Source of heading or term qrmak
650 #7 - SUBJECT ADDED ENTRY--TOPICAL TERM
Topical term or geographic name entry element القانون التجاري
653 #0 - INDEX TERM--UNCONTROLLED
Uncontrolled term نقل الأموال أو الأشخاص
-- النقل البحري
-- قانون للتجارة البحرية
700 0# - ADDED ENTRY--PERSONAL NAME
Personal name خليل فيكتور تادرس
Relator term مشرف أطروحة.
900 ## - Thesis Information
Grant date 16-04-2025
Supervisory body خليل فيكتور تادرس
Discussion body جمال محمود عبدالعزيز
-- سعد عبدالحميد
Universities جامعة القاهرة
Faculties كلية الحقوق
Department قسم القانون التجاري
905 ## - Cataloger and Reviser Names
Cataloger Name Sara Salah
Reviser Names Afaf
942 ## - ADDED ENTRY ELEMENTS (KOHA)
Source of classification or shelving scheme Dewey Decimal Classification
Koha item type Thesis
Edition 21
Suppress in OPAC No
المقتنيات
Source of classification or shelving scheme Home library Current library Date acquired Inventory number Full call number Barcode Date last seen Effective from Koha item type
Dewey Decimal Classification المكتبة المركزبة الجديدة - جامعة القاهرة قاعة الرسائل الجامعية - الدور الاول 08.04.2026 33088 Cai01.04.08.M.Sc.2025.نو.ا 01010100033088000 08.04.2026 08.04.2026 Thesis
Cairo University Libraries Portal Implemented & Customized by: Eng. M. Mohamady Contacts: new-lib@cl.cu.edu.eg | cnul@cl.cu.edu.eg
CUCL logo CNUL logo
© All rights reserved — Cairo University Libraries
CUCL logo
Implemented & Customized by: Eng. M. Mohamady Contact: new-lib@cl.cu.edu.eg © All rights reserved — New Central Library
CNUL logo
Implemented & Customized by: Eng. M. Mohamady Contact: cnul@cl.cu.edu.eg © All rights reserved — Cairo National University Library